<?xml version="1.0" encoding="UTF-8"?>
<marc:record xmlns:marc="http://www.loc.gov/MARC21/slim">
   <marc:leader>00000nam a2200000 a 4500</marc:leader>
   <marc:datafield ind1="1" ind2=" " tag="100">
      <marc:subfield code="a">Erhart, David</marc:subfield>
      <marc:subfield code="4">aut</marc:subfield>
      <marc:subfield code="e">Verfasser/-in</marc:subfield>
   </marc:datafield>
   <marc:datafield ind1="1" ind2=" " tag="100">
      <marc:subfield code="a">Danzl, Clemens</marc:subfield>
      <marc:subfield code="4">aut</marc:subfield>
      <marc:subfield code="e">Verfasser/-in</marc:subfield>
   </marc:datafield>
   <marc:datafield ind1=" " ind2=" " tag="653">
      <marc:subfield code="a">Sekundarstufe I</marc:subfield>
   </marc:datafield>
   <marc:datafield ind1=" " ind2=" " tag="653">
      <marc:subfield code="a">Religion katholisch</marc:subfield>
   </marc:datafield>
   <marc:datafield ind1=" " ind2=" " tag="653">
      <marc:subfield code="a">5. bis 10. Klasse</marc:subfield>
   </marc:datafield>
   <marc:datafield ind1=" " ind2=" " tag="653">
      <marc:subfield code="a">Bibel</marc:subfield>
   </marc:datafield>
   <marc:datafield ind1=" " ind2=" " tag="653">
      <marc:subfield code="a">Softcover / Schule</marc:subfield>
   </marc:datafield>
   <marc:datafield ind1=" " ind2=" " tag="653">
      <marc:subfield code="a">Lernen/Unterrichtsvorbereitung</marc:subfield>
   </marc:datafield>
   <marc:datafield ind1=" " ind2=" " tag="653">
      <marc:subfield code="a">Lehrmittel</marc:subfield>
   </marc:datafield>
   <marc:datafield ind1="0" ind2="0" tag="245">
      <marc:subfield code="a">Paulus und die Anfänge des Christentums</marc:subfield>
   </marc:datafield>
   <marc:datafield ind1="0" ind2="0" tag="245">
      <marc:subfield code="b">mit kreativen Methoden setzen sich Schüler*innen kritisch mit dem Urchristentum auseinander</marc:subfield>
   </marc:datafield>
   <marc:datafield ind1="0" ind2="0" tag="245">
      <marc:subfield code="c">David Erhart, Clemens Danzl</marc:subfield>
   </marc:datafield>
   <marc:datafield ind1=" " ind2="1" tag="264">
      <marc:subfield code="a">Augsburg</marc:subfield>
      <marc:subfield code="b">Auer</marc:subfield>
      <marc:subfield code="c">2020</marc:subfield>
   </marc:datafield>
   <marc:datafield ind1="1" ind2=" " tag="490">
      <marc:subfield code="a">Sekundarstufe I</marc:subfield>
   </marc:datafield>
   <marc:datafield ind1=" " ind2=" " tag="250">
      <marc:subfield code="a">1. Auflage</marc:subfield>
   </marc:datafield>
   <marc:datafield ind1="1" ind2=" " tag="520">
      <marc:subfield code="a">Angaben aus der Verlagsmeldung

Paulus und die Anfänge des Christentums : Mit kreativen Methoden setzen sich Schüler*innen kritisch mit dem Urchristentum auseinander (5. bis 10. Klasse) / von David Erhart, Clemens Danzl

Die Anfänge des Christentums und das Leben des Apostels Paulus sind in den Lehrplänen für den Religionsunterricht fest verankert. Um Ihre Schüler*innen von diesem oft als trocken und eintönig empfundenen Thema zu begeistern, benötigen Sie als Lehrkraft ansprechende und abwechslungsreiche Unterrichtsmaterialien. Die Schulbücher liefern dazu meist nur Theorie und selbst kreative Materialien zusammenzustellen, kostet sehr viel Zeit.

Unser Band bietet Ihnen fertig aufbereitete und direkt einsetzbare Arbeitsblätter. Themenfelder aus dem Lehrplan werden durch kreative Aufgaben mit der Lebenswelt der Jugendlichen verknüpft. Von Portfolio bis Werbekampagne: Durch den Einsatz unterschiedlicher handlungsorientierter Arbeitsformen werden die Schüler*innen zum selbstständigen Arbeiten animiert. So macht die kritische Auseinandersetzung mit dem Urchristentum Spaß!

Die Themen:

- Ostern: Das Wunder der Auferstehung

- Pfingsten: Brennende Herzen

- Gemeinde Jesu: Eine neue Lebensweise

- Bedrohte Gemeinde: Für etwas einstehen

- Saulus: Ein Eiferer für Gott

- Bekehrung: Paulus ändert sein Leben

- Mission: Follower für Jesus gewinnen

- Viele Follower: Eine Gemeinschaft

Der Band enthält:

- Über 40 Arbeitsblätter

- Erwartungshorizonte

- Kurz-Checks zur Wissensabfrage
</marc:subfield>
   </marc:datafield>
   <marc:datafield ind1=" " ind2=" " tag="020">
      <marc:subfield code="a">9783403081951</marc:subfield>
      <marc:subfield code="9">9783403081951</marc:subfield>
   </marc:datafield>
   <marc:datafield ind1=" " ind2=" " tag="020">
      <marc:subfield code="a">3403081958</marc:subfield>
      <marc:subfield code="9">3403081958</marc:subfield>
   </marc:datafield>
   <marc:datafield ind1=" " ind2=" " tag="041">
      <marc:subfield code="a">ger</marc:subfield>
   </marc:datafield>
   <marc:datafield ind1=" " ind2=" " tag="300">
      <marc:subfield code="a">70 Seiten</marc:subfield>
   </marc:datafield>
</marc:record>
